[Event "Open"]
[Site "Winterthur SUI"]
[Date "2007.10.07"]
[Round "3"]
[White "Horvath,Maria AUT"]
[Black "Goreskul,A"]
[Result "0-1"]
[WhiteElo "2003"]
[BlackElo "2291"]

1.d4 f5 2.Nf3 Nf6 3.g3 g6 4.Bg2 Bg7 5.O-O O-O 6.c4 d6 7.Nc3 Qe8 8.Nd5 Na6
9.Nxf6+ Rxf6 10.Bg5 Rf7 11.Qd2 e5 12.dxe5 dxe5 13.Bh6 e4 14.Nh4 Be6 15.Rac1 Rd8
16.Qf4 Bxb2 17.Rb1 Bd4 18.e3 Bc5 19.Rxb7 Bxc4 20.Rc1 Qa4 21.h3 Rd1+ 22.Rxd1 Qxd1+
23.Kh2 Qd5 24.Rb2 Ba3 25.Rb1 Bxa2 26.Rg1 Nc5 27.Bf1 Ne6  0-1

[Event "IV Amateur Open"]
[Site "Calvia ESP"]
[Date "2007.10.09"]
[Round "4"]
[White "Pont Mulet,A"]
[Black "Martinez Vicario,J"]
[Result "1-0"]
[WhiteElo "2205"]
[BlackElo "2151"]

1.d4 f5 2.Nf3 Nf6 3.g3 g6 4.Bg2 Bg7 5.O-O O-O 6.c4 d6 7.Nc3 c6 8.Rb1 Qc7
9.d5 Nbd7 10.Nd4 Ne5 11.f4 Nxc4 12.dxc6 Na5 13.Nd5 Nxd5 14.Bxd5+ Kh8 15.cxb7 Nxb7
16.Be3 Rb8 17.Nb5 Qa5 18.Nxa7 Bd7 19.b4 Qa3 20.Qc1 Qxc1 21.Rfxc1 e6 22.Bc6 Rf7
23.a4 d5 24.Bxd7 Rxd7 25.Nc6 Ra8 26.a5 Nd6 27.Bd4 Rb7 28.Bxg7+ Kxg7 29.Nd4 Kf7
30.Rc6 Nc4 31.a6 Rb6 32.Rxb6 Nxb6 33.b5 Ke7 34.Ra1 Kd6 35.e3 e5 36.fxe5+ Kxe5
37.Rc1 Nc4 38.a7 Kd6 39.Rxc4  1-0

[Event "Open A"]
[Site "Arco di Trento ITA"]
[Date "2007.10.22"]
[Round "3"]
[White "Koelmans,J"]
[Black "La Manna,A"]
[Result "1-0"]
[WhiteElo "2008"]
[BlackElo "2145"]

1.d4 f5 2.g3 Nf6 3.Bg2 g6 4.Nf3 Bg7 5.O-O O-O 6.c4 d6 7.Nc3 Qe8 8.d5 a5 9.Qc2 Na6
10.Rb1 Nh5 11.e3 h6 12.a3 Nc5 13.b4 axb4 14.axb4 Nd7 15.Nb5 Qd8 16.Bb2 Ne5
17.Nxe5 dxe5 18.Ra1 Rxa1 19.Rxa1 Bd7 20.Nc3 g5 21.c5 f4 22.exf4 exf4 23.c6 bxc6
24.dxc6 Be8 25.Rd1 Qb8 26.Nd5 fxg3 27.hxg3 Rf7 28.Bxg7 Kxg7 29.b5 e6 30.Qb2+ Kg8
31.Qe5 Qa7 32.b6 cxb6 33.Qxe6 Ng7 34.Qxh6 Qa2 35.Nf6+ Kf8 36.Qh8+ Ke7 37.Ng8+  1-0

[Event "13th Venice Autumn"]
[Site "Venice ITA"]
[Date "2007.11.03"]
[Round "4"]
[White "Vianello,E"]
[Black "Milazzo,M"]
[Result "1-0"]
[WhiteElo "2169"]
[BlackElo "1971"]

1.d4 f5 2.Nf3 Nf6 3.g3 g6 4.Bg2 Bg7 5.O-O O-O 6.c4 d6 7.Nc3 Qe8 8.d5 Na6
9.Be3 Bd7 10.Qd2 c5 11.Bh6 Nc7 12.Bxg7 Kxg7 13.e4 fxe4 14.Ng5 h6 15.Ngxe4 b5
16.Rfe1 Qf7 17.Nxf6 Qxf6 18.cxb5 Rae8 19.a4 Bf5 20.Ne4 Bxe4 21.Rxe4 e5 22.Rc1 Qf7
23.Rec4 Na8 24.R4c2 Qf5 25.b4 cxb4 26.Qxb4 Rf6 27.Be4 Qg4 28.Qe1 Ref8 29.a5 h5
30.Bg2 h4 31.Qe3 R6f7 32.b6 Qb4 33.bxa7 Qxa5 34.Rc6 Rxf2 35.Rxd6 R8f7 36.Qxe5+ R2f6
37.Rxf6 Rxf6 38.Rf1 Qxa7+ 39.Kh1 Qf7 40.g4 g5 41.Qxg5+ Qg6 42.Qe5 Kf7 43.Qe6+ Kg7
44.Qe7+ Rf7 45.Rxf7+ Qxf7 46.d6 Nb6 47.Bc6 Kg6 48.Be8  1-0

[Event "TCh-FIN 2007-8"]
[Site "Finland FIN"]
[Date "2007.11.17"]
[Round "4"]
[White "Fieandt,J"]
[Black "Sipila,V"]
[Result "1-0"]
[WhiteElo "2144"]
[BlackElo "2048"]

1.d4 f5 2.g3 Nf6 3.Bg2 g6 4.Nf3 Bg7 5.O-O O-O 6.c4 d6 7.Nc3 c6 8.h3 Qe8 9.d5 cxd5
10.cxd5 Na6 11.Be3 h6 12.Nd4 Nc7 13.Qb3 Qf7 14.Ndb5 Nxb5 15.Nxb5 b6 16.Rac1 g5
17.Rc7 Qh5 18.f4 Ne4 19.Rxe7 Bf6 20.g4 Qg6 21.Rxe4 fxe4 22.f5 Qg7 23.Rc1 Rd8
24.Rc2 Be5 25.Bxe4 h5 26.Nc7 Rb8 27.Ne6 Bxe6 28.dxe6 Rdc8 29.e7+ Kh8 30.Qe6 Re8
31.Rc7 d5 32.Qxd5 Rxe7 33.Rxe7 Qxe7 34.Bxg5 Bf6 35.Bxf6+ Qxf6 36.Qd2 hxg4
37.hxg4 Rg8 38.Bf3 Rg7 39.Kf1 Qh4 40.Qd4 Kg8 41.f6  1-0

[Event "TCh-BEL 2007-8"]
[Site "Belgium BEL"]
[Date "2007.11.18"]
[Round "4"]
[White "Henrichs,T"]
[Black "Berelovich,A"]
[Result "1/2-1/2"]
[WhiteElo "2498"]
[BlackElo "2595"]

1.d4 f5 2.g3 Nf6 3.Bg2 g6 4.Nf3 Bg7 5.O-O O-O 6.c4 d6 7.Nc3 Qe8 8.d5 Na6
9.Rb1 Nc5 10.Be3 Nfe4 11.Nxe4 Nxe4 12.Nd4 Bd7 13.Qd3 Nc5 14.Qd2 a5 15.b3 b6
16.a3 Qf7 17.b4 axb4 18.axb4 Ne4 19.Qd3 e5 20.dxe6 Bxe6 21.Nxe6 Qxe6 22.Rfd1 Rfe8
23.c5 bxc5 24.bxc5 dxc5 25.Rbc1 Bf8 26.Bxe4  1/2-1/2

[Event "WYb18"]
[Site "Kemer TUR"]
[Date "2007.11.18"]
[Round "1"]
[White "Brener,I"]
[Black "Malmi,E"]
[Result "1-0"]
[WhiteElo "2382"]
[BlackElo "2023"]

1.Nf3 f5 2.d4 Nf6 3.g3 g6 4.Bg2 Bg7 5.O-O O-O 6.c4 d6 7.Nc3 Qe8 8.d5 c5 9.Re1 Na6
10.Bd2 h6 11.Qc1 Kh7 12.a3 Qf7 13.e4 Ng4 14.exf5 gxf5 15.Bf4 Nc7 16.Qd2 Kg8
17.a4 Rd8 18.Rad1 Bf8 19.Nh4 Bg7 20.Nf3 Bf8 21.Qc1 Kh7 22.b3 b6 23.Re2 a6
24.Rde1 Re8 25.Qc2 Kg8 26.Qd2 Kh7 27.Qd3 Kg8 28.Nd1 Bd7 29.Nh4 Bg7 30.Bh3 b5
31.f3 bxc4 32.bxc4 Ne5 33.Bxe5 Bxe5 34.Bxf5 Bxf5 35.Nxf5 Qh7 36.f4 Bf6 37.Nde3 Rab8
38.Nh4  1-0

[Event "KNSB TCh-NED 2007-8"]
[Site "Netherlands NED"]
[Date "2007.11.24"]
[Round "4"]
[White "Mueller,Mic1"]
[Black "Van Oosterom,C"]
[Result "0-1"]
[WhiteElo "2288"]
[BlackElo "2401"]

1.d4 f5 2.Nf3 Nf6 3.g3 g6 4.Bg2 Bg7 5.O-O O-O 6.c4 d6 7.b3 Qe8 8.Bb2 Na6
9.e3 h6 10.a3 Qf7 11.Nc3 c6 12.Qc2 Rb8 13.Rac1 b5 14.Nd2 Bd7 15.Ne2 bxc4
16.bxc4 Nc7 17.Bc3 Rfc8 18.Rb1 Qe8 19.Ba5 Ne6 20.Qd3 Ng5 21.Nc3 Nf7 22.Rfe1 e5
23.Rxb8 Rxb8 24.dxe5 dxe5 25.e4 Qe6 26.Qe3 Ra8 27.Bb4 a5 28.Bc5 f4 29.Qe2 g5
30.f3 Bf8 31.Bxf8 Kxf8 32.Rb1 Qd6 33.Nb3 a4 34.c5 Qe7 35.Qf2 axb3 36.Rxb3 Be6
37.Rb1 Rxa3 38.Nd1 Nd7 39.Rc1 Ra5 40.Qb2 Rxc5 41.Ra1 Rb5 42.Ra8+ Kg7 43.Qa1 Qd6
44.gxf4 gxf4 45.Nf2 Qd2 46.Qf1 Rb2 47.Bh1 Bc4 48.Qg2+ Ng5 49.h4 Qe1+  0-1

[Event "TCh-HUN 2007-8"]
[Site "Budapest HUN"]
[Date "2007.11.25"]
[Round "3"]
[White "Varga,P1"]
[Black "Torma,R"]
[Result "1/2-1/2"]
[WhiteElo "2420"]
[BlackElo "2337"]

1.d4 f5 2.g3 Nf6 3.Bg2 g6 4.Nf3 Bg7 5.O-O O-O 6.c4 d6 7.Nc3 Qe8 8.d5 Na6
9.Rb1 Nc5 10.Nb5 Qd8 11.Nfd4 a5 12.b3 Bd7 13.Bb2 Qc8 14.e3 e5 15.dxe6 Nxe6
16.Nxe6 Bxe6 17.Rc1 Rd8 18.Qc2 c6 19.Nc3 Qc7 20.Rfd1 Qf7 21.Rd2 Rd7 22.Ne2 d5
23.Nf4 dxc4 24.Nxe6 Qxe6 25.Rxd7 Nxd7 26.Bxg7 Kxg7 27.Qxc4 Qxc4 28.Rxc4 Kf6
29.f4 Nb6 30.Rd4 Ke7 31.e4 fxe4 32.Bxe4 Rd8 33.Rxd8 Kxd8 34.Kf2 Ke7 35.Ke3 Kd6
36.Kd4 Nd7 37.h4 Nf6 38.Bf3 b5 39.a4 Nd7 40.Be4 Nc5 41.Bc2 Ne6+ 42.Kc3 Kd5
43.f5 Nf8 44.fxg6 hxg6 45.g4 Ke5 46.axb5 cxb5 47.Bd3 Kf4 48.h5 gxh5 49.gxh5 b4+
50.Kc4 Kg5 51.Be2 Ne6 52.Bf3 Nf4 53.Kd4 Ne6+ 54.Kd5 Nf4+ 55.Kc4 Ne6 56.Be2 Nf4
57.Bd1 Ne6 58.Bf3 Nf4 59.Kb5 Nd3 60.Kxa5 Nc1 61.Kxb4 Nxb3 62.Kxb3 Kh6 63.Kc4 Kg7
64.Kd5 Kh8 65.Ke6 Kg7 66.Kf5 Kh8 67.Kg6 Kg8 68.Bd5+ Kh8 69.h6  1/2-1/2

[Event "KNSB TCh-NED 2007-8"]
[Site "Netherlands NED"]
[Date "2007.12.15"]
[Round "5"]
[White "Groffen,H"]
[Black "Wiersma,E"]
[Result "0-1"]
[WhiteElo "2152"]
[BlackElo "2426"]

1.d4 f5 2.Nf3 Nf6 3.g3 g6 4.Bg2 Bg7 5.O-O O-O 6.c4 d6 7.Nc3 Qe8 8.d5 a5 9.Nd4 Na6
10.b3 Bd7 11.Rb1 Nc5 12.Bb2 g5 13.e3 f4 14.exf4 gxf4 15.Ne6 Bxe6 16.dxe6 c6
17.Qe2 Qg6 18.Na4 Nfe4 19.Bxg7 Kxg7 20.Bxe4 Nxe4 21.f3 Ng5 22.Nb6 Rad8 23.Nd7 Rf5
24.g4 Nxe6 25.Rbe1 Kf7 26.Kh1 Rg5 27.h4 Qh6 28.Qxe6+ Qxe6 29.Rxe6 Kxe6 30.hxg5 Rxd7
31.Kg2 d5 32.c5 d4 33.Kf2 Kd5 34.Ke2 Kxc5 35.Rc1+ Kd5 36.Kd3 e5 37.Rh1 b5
38.Rh6 Rg7  0-1

[Event "7th Amplico AIG Life Gp2"]
[Site "Warsaw POL"]
[Date "2007.12.16"]
[Round "2"]
[White "Moranda,W"]
[Black "Malaniuk,V"]
[Result "1/2-1/2"]
[WhiteElo "2533"]
[BlackElo "2496"]

1.d4 f5 2.g3 Nf6 3.Bg2 g6 4.Nf3 Bg7 5.O-O O-O 6.c4 d6 7.Nc3 c6 8.d5 e5 9.dxe6 Bxe6
10.b3 Na6 11.Bb2 Qe7 12.Qd2 Nc5 13.Rad1 Nfe4 14.Qc2 Nxc3 15.Bxc3 Bxc3 16.Qxc3 Ne4
17.Qc2 d5 18.cxd5 Bxd5 19.Nd4 Rad8 20.Qc1 Nf6  1/2-1/2

[Event "Open A"]
[Site "Zadar CRO"]
[Date "2007.12.17"]
[Round "3"]
[White "Doric,D"]
[Black "Biliskov,V"]
[Result "1-0"]
[WhiteElo "2470"]
[BlackElo "2326"]

1.d4 f5 2.g3 Nf6 3.Bg2 g6 4.Nf3 Bg7 5.O-O O-O 6.c4 d6 7.Nc3 c6 8.d5 e5 9.e4 Na6
10.exf5 gxf5 11.Nh4 c5 12.Bg5 h6 13.Bd2 Nc7 14.Kh1 Qe8 15.Qc2 Nh7 16.Rae1 Qf7
17.f4 e4 18.g4 fxg4 19.Bxe4 Bf6 20.Bg6 Qg7 21.Nf5 Bxf5 22.Bxf5 Bh4 23.Be6+ Kh8
24.Re2 Rae8 25.Nb5 Nxb5 26.cxb5 Bf6 27.b3 Bd4 28.Rg2 h5 29.Qd3 Qf6 30.Re1 Re7
31.a4 Rg7 32.Rb1 Qg6 33.Qxg6 Rxg6 34.f5 Rgf6 35.Bf4 Rd8 36.h3 Be5 37.Bxe5 dxe5
38.hxg4 hxg4 39.Re1 Rh6+ 40.Rh2 Kg7 41.Rxe5 Rxh2+ 42.Kxh2 Kf6 43.Re1 Ng5
44.Kg3 Nf3 45.Rh1 Nd4 46.Kxg4 Nxb3 47.Rh7 b6 48.Kf4 Rf8 49.Rh6+ Kg7 50.Rg6+ Kh7
51.Ke5 c4 52.Rg4 Nd2 53.Rg3 Nb3 54.f6  1-0

[Event "Harmonie Open A"]
[Site "Groningen NED"]
[Date "2007.12.26"]
[Round "5"]
[White "Simutowe,A"]
[Black "Reinderman,D"]
[Result "1/2-1/2"]
[WhiteElo "2421"]
[BlackElo "2510"]

1.Nf3 f5 2.d4 Nf6 3.c4 g6 4.g3 Bg7 5.Bg2 O-O 6.O-O d6 7.Nc3 c6 8.d5 e5 9.dxe6 Bxe6
10.Qd3 Nbd7 11.Ng5 Qe7 12.Nxe6  1/2-1/2

[Event "TCh-BEL 2007-8"]
[Site "Belgium BEL"]
[Date "2008.01.06"]
[Round "6"]
[White "Hetey,L"]
[Black "Huesmann,T"]
[Result "1/2-1/2"]
[WhiteElo "2339"]
[BlackElo "2247"]

1.d4 f5 2.c4 Nf6 3.Nf3 g6 4.g3 Bg7 5.Bg2 O-O 6.O-O d6 7.Nc3 Qe8 8.d5 a5 9.Be3 Na6
10.Qd2 Ng4 11.Bf4 Nc5 12.Nd4 Bd7 13.h3 Nf6 14.Bh6 Nfe4 15.Nxe4 Nxe4 16.Qe3 Bxh6
17.Qxh6 e5 18.dxe6 Bxe6 19.Rac1 Bd7 20.Qe3 Qe5 21.Rc2 Rae8 22.Nf3 Qc5 23.Qxc5 Nxc5
24.e3 Bc6 25.b3 Be4 26.Rc3 Re7 27.h4 h6 28.a3 Kg7 29.Nd2  1/2-1/2

[Event "FSIMB February"]
[Site "Budapest HUN"]
[Date "2008.02.08"]
[Round "7"]
[White "Perez Aleman,P"]
[Black "Vegh,E"]
[Result "1-0"]
[WhiteElo "2141"]
[BlackElo "2285"]

1.Nf3 f5 2.c4 Nf6 3.g3 g6 4.Bg2 Bg7 5.d4 O-O 6.O-O d6 7.Nc3 Qe8 8.d5 Na6
9.Rb1 Bd7 10.b4 c6 11.dxc6 bxc6 12.c5 Ne4 13.Nxe4 fxe4 14.Ng5 d5 15.b5 Nc7
16.b6 axb6 17.cxb6 Nb5 18.Rxb5 cxb5 19.Qxd5+ e6 20.Qxe4 Rxa2 21.Rd1 Ra1 22.b7 Qe7
23.Qc2 b4 24.Bh3 Kh8 25.Qc7 Qe8 26.Qxd7 Rxc1 27.Nf7+ Kg8 28.Nh6+ Bxh6 29.Bxe6+ Kh8
30.Rxc1 Qxd7 31.Bxd7 Bxc1 32.Bc8 b3 33.b8=Q b2 34.Qe5+  1-0

[Event "FSIMB February"]
[Site "Budapest HUN"]
[Date "2008.02.08"]
[Round "7"]
[White "Perez Aleman,P"]
[Black "Vegh,E"]
[Result "1-0"]
[WhiteElo "2141"]
[BlackElo "2285"]

1.Nf3 f5 2.c4 Nf6 3.g3 g6 4.Bg2 Bg7 5.d4 O-O 6.O-O d6 7.Nc3 Qe8 8.d5 Na6
9.Rb1 Bd7 10.b4 c6 11.dxc6 bxc6 12.c5 Ne4 13.Nxe4 fxe4 14.Ng5 d5 15.b5 Nc7
16.b6 axb6 17.cxb6 Nb5 18.Rxb5 cxb5 19.Qxd5+ e6 20.Qxe4 Rxa2 21.Rd1 Ra1 22.b7 Qe7
23.Qc2 b4 24.Bh3 Kh8 25.Qc7 Qe8 26.Bxe6  1-0

[Event "Velammal 45th National A ch-IND"]
[Site "Chennai IND"]
[Date "2008.02.12"]
[Round "10"]
[White "Sanjay,N"]
[Black "Akshat,K"]
[Result "1/2-1/2"]
[WhiteElo "2354"]
[BlackElo "2307"]

1.Nf3 f5 2.d4 Nf6 3.g3 g6 4.Bg2 Bg7 5.O-O O-O 6.c4 d6 7.Nc3 Nc6 8.d5 Na5
9.Qd3 c5 10.dxc6 Nxc6 11.Rd1 Bd7 12.Be3 Kh8 13.Rac1 Ng4 14.c5 Nxe3 15.fxe3 Qa5
16.cxd6 exd6 17.Qxd6 Rad8  1/2-1/2

[Event "10th TCh-Euro sen"]
[Site "Dresden GER"]
[Date "2008.02.14"]
[Round "4"]
[White "Anderton,D"]
[Black "Welz,P"]
[Result "1/2-1/2"]
[WhiteElo "2251"]
[BlackElo "2138"]

1.d4 f5 2.g3 Nf6 3.Bg2 g6 4.Nf3 Bg7 5.c4 O-O 6.O-O d6 7.Nc3 Nc6 8.d5 Ne5
9.Nxe5 dxe5 10.c5 h6 11.Qb3 Kh8 12.Rd1 g5 13.Bd2 e4 14.Rac1 Ng4 15.h3 Nf6
16.Be1 a6 17.Na4 Qe8 18.Ba5 Bd7 19.Nc3 b6 20.cxb6 cxb6 21.Qxb6 Qh5 22.f3 Rab8
23.Qf2 Rxb2 24.Rb1 Rfb8 25.Rxb2 Rxb2 26.f4 gxf4 27.Qxf4 Qg5 28.Qxg5 hxg5
29.Kf2 Ne8 30.g4 Rc2 31.Nb1 Rxa2 32.Bb4 Nd6 33.gxf5 Bxf5 34.Nc3 Rb2 35.Bxd6 e3+
36.Kxe3 exd6 37.Ne4 Be5 38.Nxg5 Kg7 39.Be4 Bxe4 40.Nxe4 a5 41.Rd3 Rb5 42.Nd2 Kf6
43.Nc4 a4 44.Na3 Rb4 45.Kd2 Kg5 46.Nc2 Rc4 47.Na3 Rb4  1/2-1/2

[Event "2nd Int Open Congress"]
[Site "Brentwood ENG"]
[Date "2008.02.17"]
[Round "5"]
[White "Aikhoje,O"]
[Black "McDonald,N"]
[Result "1-0"]
[WhiteElo "2260"]
[BlackElo "2386"]

1.Nf3 f5 2.d4 Nf6 3.g3 g6 4.Bg2 Bg7 5.O-O O-O 6.c4 d6 7.Nc3 Nc6 8.d5 Na5
9.Qd3 c5 10.Bg5 a6 11.Rae1 b5 12.b3 bxc4 13.bxc4 Rb8 14.e4 fxe4 15.Nxe4 Rb2
16.Nxf6+ exf6 17.Bd2 Rxa2 18.Ra1 Rxa1 19.Rxa1 Nb7 20.Rxa6 Re8 21.h3 Qe7 22.Ra2 Qc7
23.Qb3 Bf8 24.Bc3 Be7 25.Nd2 Bd8 26.Qb5 Rf8 27.Qc6 f5 28.h4 Qb8 29.Ra1 Bf6
30.Bxf6 Rxf6 31.Nf3 Rf8 32.Qb6 h6 33.Ne1 Rf7 34.Nd3 Qc7 35.Qb2 Rf8 36.Nf4 Kh7
37.Ra7 Rg8 38.Ne6 Qe7 39.f4 h5 40.Bf3 Kh6 41.Kf2 Qe8 42.Rxb7 Bxb7 43.Qxb7 Qb8
44.Qe7 Qb2+ 45.Be2 Qa1 46.Ng5 Rg7 47.Qd8 Rg8 48.Qe7 Rg7 49.Qxd6 Qh1 50.Nf3 Kh7
51.Qf8 Kh6 52.Qxc5 Rb7 53.Qf8+ Rg7 54.Bf1 g5 55.Qf6+ Kh7  1-0

[Event "10th TCh-Euro sen"]
[Site "Dresden GER"]
[Date "2008.02.17"]
[Round "7"]
[White "Escher,H"]
[Black "Ashby,Ant"]
[Result "1/2-1/2"]
[WhiteElo "2078"]
[BlackElo "2166"]

1.d4 f5 2.Nf3 Nf6 3.g3 g6 4.Bg2 Bg7 5.O-O O-O 6.c4 d6 7.Nc3 c6 8.Bg5 Qc7
9.Bxf6 Bxf6 10.Rc1 e5 11.dxe5 dxe5 12.e3 Be6 13.Nd2 Na6 14.Nd5 Qf7 15.Nxf6+ Qxf6
16.Qe2 Rad8 17.Rfd1 Rd7 18.Bf1 Rfd8 19.Nb3 c5 20.Rxd7 Rxd7 21.Rd1 Qd8 22.Rxd7 Qxd7
23.Qd2 b6 24.Qxd7 Bxd7 25.f3 Kf7 26.Kf2 Kf6 27.h4 h6 28.Nd2  1/2-1/2

[Event "10th TCh-Euro sen"]
[Site "Dresden GER"]
[Date "2008.02.18"]
[Round "8"]
[White "Anguera Maestro,J"]
[Black "Kuettner,U"]
[Result "1/2-1/2"]
[WhiteElo "2223"]
[BlackElo "2183"]

1.d4 f5 2.Nf3 Nf6 3.g3 g6 4.Bg2 Bg7 5.O-O O-O 6.c4 d6 7.Nc3 Nc6 8.Bf4 Nh5
9.Nd5 Nxf4 10.gxf4 Na5 11.Nd2 c5 12.Qc2 a6 13.a3 b5 14.b4 cxb4 15.axb4 Nxc4
16.Nxc4 bxc4 17.Rab1 Bd7 18.e3 Bb5 19.Rfd1 Qd7 20.Ra1 Qb7 21.Ra5 Be8 22.Rb1 Bxd4  1/2-1/2

[Event "18th ch-IRI"]
[Site "Tehran IRI"]
[Date "2008.02.21"]
[Round "7"]
[White "Doostkam,P"]
[Black "Ahmadinia,E"]
[Result "0-1"]
[WhiteElo "2241"]
[BlackElo "2227"]

1.c4 f5 2.Nf3 Nf6 3.g3 g6 4.Bg2 Bg7 5.d4 O-O 6.O-O d6 7.Nc3 Qe8 8.d5 a5 9.Ne1 Na6
10.Nd3 Rb8 11.Bd2 Bd7 12.Re1 Qf7 13.Qc1 c6 14.Bh6 Nc7 15.Bxg7 Kxg7 16.e4 fxe4
17.Nxe4 cxd5 18.Ng5 Qe8 19.c5 Qd8 20.Nf4 Rc8 21.cxd6 exd6 22.Qd2 h6 23.Nf3 g5
24.Nd3 Ne6 25.b4 a4 26.Qb2 Kg8 27.Nd4 Ng7 28.Re2 Qb6 29.a3 Rc4 30.Nc2 Bf5
31.Nde1 Rc7 32.Qa2 Be6 33.Nf3 Bf7 34.Nfd4 Rc4 35.Qb2 Bg6 36.Nf3 Re4 37.Rd2 Nf5
38.Nfd4 Re5 39.Nxf5 Bxf5 40.Ne3 Be6 41.Qc2 Kg7 42.Qxa4 Rxe3 43.Rc2 Re5 44.Rac1 Rf7
45.Qa8 Bf5 46.Rb2 Ng4 47.h3 Nxf2 48.Kh2 Nd3  0-1

[Event "TCh-HUN 2007-8"]
[Site "Budapest HUN"]
[Date "2008.03.02"]
[Round "7"]
[White "Ilincic,Z"]
[Black "Torma,R"]
[Result "1/2-1/2"]
[WhiteElo "2545"]
[BlackElo "2337"]

1.d4 f5 2.Nf3 Nf6 3.g3 g6 4.Bg2 Bg7 5.O-O O-O 6.c4 d6 7.Nc3 Qe8 8.d5 Na6
9.Rb1 Nc5 10.Be3 Nce4 11.Nxe4 Nxe4 12.Nd2 Nf6 13.Bd4 e5 14.dxe6 Qxe6 15.b4 Re8
16.Re1 Ne4 17.Bxg7 Kxg7 18.Rb3 Qf6 19.Qc2 Nxd2 20.Qxd2 Rb8 21.b5 Be6 22.Rc1 Qe5
23.Re3 Qc5 24.Qb2+ Kf7 25.Bd5 Bxd5 26.cxd5 Qb6 27.Re6 Kg8 28.a4 c5 29.Qf6 Rf8
30.Qh4 Rbe8 31.Rc3 Qd8 32.Qc4 b6 33.Rce3 Rxe6 34.Rxe6 Rf6 35.e4 fxe4 36.Qxe4 Rxe6
37.dxe6 Qe7 38.f4 Kf8 39.g4 Qf6 40.f5 gxf5 41.gxf5 Qg5+ 42.Kf2 Ke7 43.h3 h5
44.Ke2 h4 45.Kd3 Kf6 46.Kc2 Qg3 47.a5 d5 48.Qxd5 Qh2+ 49.Qd2 Qxd2+ 50.Kxd2 bxa5
51.Kd3 a4 52.Kc3 Ke7 53.Kc4 Kd6 54.Kc3 Ke7 55.Kc4 Kd6  1/2-1/2

[Event "FSGM March"]
[Site "Budapest HUN"]
[Date "2008.03.05"]
[Round "4"]
[White "Fodor,T jr"]
[Black "Garbisu de Goni,U"]
[Result "1/2-1/2"]
[WhiteElo "2407"]
[BlackElo "2464"]

1.d4 f5 2.c4 Nf6 3.g3 g6 4.Bg2 Bg7 5.Nf3 O-O 6.O-O d6 7.Nc3 Na6 8.b3 c6 9.Qc2 Nc7
10.Ba3 Kh8 11.Rad1 d5 12.e3 Be6 13.Ne2 Bg8 14.Nf4 Ne6 15.Nd3 Ne4 16.Nfe5 Rc8
17.Bb2 b5 18.c5 a5 19.Qe2 Qc7 20.Kh1 Rcd8 21.Qe1 Ra8 22.h4 Nf6 23.Qe2 Rad8
24.Bh3 Ne4 25.Kg2 Nf6 26.Rh1 Nh5 27.Kg1 Rf6 28.Rf1 Rff8 29.Bg2 Bf7 30.Bf3 Be8
31.g4 fxg4 32.Bxg4 Rf6 33.Rh3 Bh6 34.Bxh5 gxh5 35.f4 Ng7 36.Kh2 Nf5 37.Rg1 Qc8
38.Bc3 Qc7 39.Be1 Ra8 40.Kh1 Qc8 41.Qf3 Qe6 42.Rh2 Rf8 43.Bf2 Rg8 44.Re1 a4
45.b4 Rd8 46.a3  1/2-1/2

[Event "TCh-FIN 2007-8"]
[Site "Finland FIN"]
[Date "2008.03.08"]
[Round "8"]
[White "Parkkinen,J"]
[Black "Halmeenmaki,T"]
[Result "0-1"]
[WhiteElo "2243"]
[BlackElo "2139"]

1.Nf3 f5 2.d4 Nf6 3.c4 g6 4.g3 Bg7 5.Bg2 O-O 6.O-O d6 7.Nc3 Qe8 8.d5 Na6
9.Rb1 c6 10.b3 Bd7 11.Bb2 Nc7 12.Re1 c5 13.e4 Ng4 14.h3 Ne5 15.Nxe5 Bxe5
16.exf5 Qf7 17.Ne4 Bxb2 18.Rxb2 gxf5 19.Ng5 Qg7 20.Qc1 f4 21.gxf4 h6 22.Ne4 Bxh3
23.Ng3 Bg4 24.Kh2 Qf6 25.f5 Qh4+ 26.Kg1 Bxf5 27.Rbe2 Rae8 28.Qc3 Bh7 29.Bf3 Bg6
30.Kg2 Qf6 31.Qe3 e5 32.Rh1 Re7 33.Rxh6 Rg7 34.Re1 Qf4 35.Reh1 Qxe3 36.Rh8+ Kf7
37.Rxf8+ Kxf8 38.fxe3 Ne8 39.Kf2 Nf6 40.Rg1 Bh7 41.e4 Rg5 42.a3 a5 43.Rb1 Nd7
44.Rh1 Kg8 45.Rh6 Rg6 46.Rh4 Rg5 47.Nh5 Bg6 48.Bg4 Bxh5 49.Bxh5 Nf6 50.Bf3 Kg7
51.Rh1 Rg6 52.Rb1 Nd7 53.b4 axb4 54.axb4 cxb4 55.Rxb4 Nc5 56.Rb6 Kf8 57.Bh5 Rh6
58.Bf3 Ke7 59.Rb1 Rh2+ 60.Bg2 Rh4 61.Bf3 Rh2+ 62.Bg2 Kd8 63.Kg3 Rh6 64.Rf1 Kc7
65.Rf7+ Kb6 66.Rf8 Nd3 67.Bh3 Kc5 68.Rb8 Kxc4 69.Rxb7 Kd4 70.Bf5 Nc5 71.Rb6 Nxe4+
72.Bxe4 Kxe4 73.Kg2 Rf6 74.Kg3 Kxd5  0-1

[Event "ch-UKR Boys u20"]
[Site "Odessa UKR"]
[Date "2008.03.08"]
[Round "4"]
[White "Bagrationi,A"]
[Black "Kovalenko,I"]
[Result "1-0"]
[WhiteElo "2178"]
[BlackElo "2450"]

1.d4 f5 2.g3 Nf6 3.Bg2 g6 4.c4 Bg7 5.Nf3 O-O 6.O-O d6 7.Nc3 Nc6 8.d5 Na5
9.Qd3 c5 10.b3 a6 11.Bb2 Rb8 12.Rab1 Bd7 13.Nd2 b5 14.Ba1 Ng4 15.e3 g5 16.Ne2 Ne5
17.Qc2 Rf7 18.f4 Ng4 19.Qd3 Bxa1 20.Rxa1 bxc4 21.bxc4 Rb2 22.fxg5 Rg7 23.Rfb1 Ne5
24.Qc3 Rxb1+ 25.Rxb1 Rxg5 26.Nf3 Nxf3+ 27.Bxf3 h6 28.Nf4 Kh7 29.Be2 Qc7 30.Qb2 Qd8
31.Bd3 h5 32.Qb6 Qxb6 33.Rxb6 Bc8 34.Rb8 Bd7 35.Rd8 Ba4 36.Ra8 Bc2 37.Bxc2 Nxc4
38.Kf2 Rg8 39.Bxf5+ Kg7 40.Nxh5+  1-0

[Event "FSGM March"]
[Site "Budapest HUN"]
[Date "2008.03.14"]
[Round "13"]
[White "Porat,I"]
[Black "Garbisu de Goni,U"]
[Result "1/2-1/2"]
[WhiteElo "2272"]
[BlackElo "2464"]

1.d4 f5 2.g3 Nf6 3.Bg2 g6 4.Nf3 Bg7 5.O-O O-O 6.c4 d6 7.Nc3 Na6 8.b3 c6 9.Bb2 Nc7
10.b4 Be6 11.Qd3 Ne4 12.Rac1 d5 13.c5 a5 14.a3 axb4 15.axb4 Nxc3 16.Qxc3 f4
17.Ra1 Bg4 18.Qd2 Rxa1 19.Rxa1 Qc8 20.Ne5 Bh3 21.Bh1 Qf5 22.f3 Ne6 23.e3 fxe3
24.Qxe3 Qc2 25.Qc3 Qe2 26.Rb1 Bh6 27.f4 Nxf4 28.Bf3 Nd3 29.Bxe2 Be3+ 30.Kh1 Nf2+
31.Kg1 Nd3+ 32.Kh1 Nf2+ 33.Kg1  1/2-1/2

[Event "Doeberl Cup"]
[Site "Canberra AUS"]
[Date "2008.03.21"]
[Round "4"]
[White "Antic,De"]
[Black "Bjelobrk,I"]
[Result "1-0"]
[WhiteElo "2480"]
[BlackElo "2381"]

1.d4 f5 2.g3 Nf6 3.Bg2 g6 4.Nf3 Bg7 5.O-O O-O 6.c4 d6 7.Nc3 Nc6 8.d5 Na5
9.Qa4 b6 10.Nd4 Bd7 11.Qc2 Nxc4 12.b3 Na5 13.Bb2 Qe8 14.a4 c5 15.dxc6 Nxc6
16.Bxc6 Bxc6 17.Ne6 Rc8 18.Nxf8 Qxf8 19.Rac1 Bh6 20.f4 Qf7 21.Nb5 Bb7 22.Qd3 Rc5
23.Bxf6 Qxf6 24.b4 Be4 25.Qd4 Qxd4+ 26.Nxd4 Rd5 27.Rfd1 a5 28.b5 Kf7 29.e3 g5
30.Kf2 gxf4 31.gxf4 Bg7 32.Ke2 Bf6 33.Rc7 h5 34.Rcc1 h4 35.Nb3 Rxd1 36.Kxd1 Bd5
37.Nd2 Kg6 38.Ke2 Kh5 39.Nc4 Kg4 40.Nxb6 Bg2 41.Rg1 Kh3 42.Rxg2 Kxg2 43.Nd5  1-0

[Event "SCT Ladies Open"]
[Site "Stockholm SWE"]
[Date "2008.03.23"]
[Round "6"]
[White "Gromova,I"]
[Black "Mamedjarova,Z"]
[Result "0-1"]
[WhiteElo "2219"]
[BlackElo "2332"]

1.d4 f5 2.c4 g6 3.Nf3 Bg7 4.g3 Nf6 5.Bg2 O-O 6.O-O d6 7.b4 c6 8.Bb2 Ne4 9.Nfd2 d5
10.Qb3 e6 11.Nxe4 fxe4 12.Nd2 Qb6 13.Rac1 a5 14.a3 axb4 15.axb4 Bd7 16.e3 Na6
17.Ba3 Rf7 18.Ra1 Qd8 19.f4 Nc7 20.Bb2 Rxa1 21.Rxa1 g5 22.Qa3 gxf4 23.gxf4 Bf8
24.Bc3 Rg7 25.Nf1 h5 26.Be1 h4 27.h3 e5 28.dxe5 Bxh3 29.Ra2 dxc4 30.Kh2 Bxg2
31.Rxg2 Rxg2+ 32.Kxg2 Qd3 33.Qb2 Nd5 34.Qf2 Be7 35.Kg1 Qd1 36.Qg2+ Kf7 37.f5 Qh5
38.f6 Bf8 39.Qh3 Qxe5 40.Qd7+ Kxf6 41.Bxh4+ Kg6 42.Qg4+ Kf7 43.Bg3 Qe8 44.Nd2 c3
45.Nxe4 Bg7 46.Ng5+ Kg8 47.Ne6 Qe7 48.Nxg7 Qxg7 49.Qc8+ Kh7 50.Qf5+ Qg6 51.Qd7+ Kg8
52.Qc8+ Kf7 53.Qxb7+ Ne7 54.Qc7 c2 55.Qf4+ Kg8 56.Qc4+ Nd5 57.Kf2 Qf6+ 58.Ke1 Qa1+
59.Kf2 c1=Q 60.Qg4+ Qg7  0-1

[Event "SCT Ladies Open"]
[Site "Stockholm SWE"]
[Date "2008.03.24"]
[Round "8"]
[White "Boric,E"]
[Black "Stepovaia Dianchenko,T"]
[Result "0-1"]
[WhiteElo "2274"]
[BlackElo "2376"]

1.d4 f5 2.c4 Nf6 3.Nf3 g6 4.g3 Bg7 5.Bg2 O-O 6.O-O d6 7.Nc3 Qe8 8.d5 a5 9.Nd4 Na6
10.Rb1 Bd7 11.b3 c6 12.Na4 Ne4 13.f3 Nec5 14.Nb6 Rd8 15.Nxd7 Qxd7 16.a3 e5
17.dxe6 Nxe6 18.Bb2 Nac5 19.Nxe6 Nxe6 20.Qd2 Qc7 21.Bxg7 Nxg7 22.e4 fxe4
23.fxe4 Qb6+ 24.Kh1 Qc5 25.Rxf8+ Rxf8 26.b4 axb4 27.axb4 Qe5 28.Qa2 Kh8 29.Qa7 Rf7
30.Qb8+ Ne8 31.c5 Re7 32.cxd6 Qxd6 33.Qa8 Kg7 34.Qa1+ Qe5 35.Qa8 Nd6 36.Rf1 Rf7
37.Rxf7+ Kxf7 38.Qa2+ Ke7 39.Qb1 Qc3 40.g4 Nf7 41.h3 b6 42.b5 c5 43.Qa2 Qc1+
44.Kh2 Qf4+ 45.Kh1 Qc7 46.e5 c4 47.Qa3+ Ke6 48.g5 Qxe5 49.Qa8 Nd6 50.Qg8+ Kf5
51.Qf8+ Kxg5 52.Qd8+ Kf4 53.Qxb6 Ne4 54.Qc6 Kg3 55.Qxc4 Nf2+ 56.Kg1 Nxh3+
57.Kh1 Qe3 58.Qf1 Nf2+ 59.Kg1 Ng4+ 60.Kh1 Qh6+ 61.Bh3 Nf2+  0-1

[Event "SCT Ladies Open"]
[Site "Stockholm SWE"]
[Date "2008.03.25"]
[Round "9"]
[White "Vovk,Ok"]
[Black "Mamedjarova,T"]
[Result "0-1"]
[WhiteElo "2166"]
[BlackElo "2313"]

1.d4 f5 2.g3 Nf6 3.Bg2 g6 4.Nf3 Bg7 5.c4 O-O 6.O-O e6 7.Nc3 d6 8.b3 Ne4 9.Qd3 d5
10.Ba3 Re8 11.Rac1 c6 12.Rfd1 Na6 13.b4 Bf8 14.c5 Nc7 15.Bb2 a5 16.a3 axb4
17.axb4 Na6 18.b5 Nb4 19.Qe3 Nxc3 20.Bxc3 Na2 21.Ra1 Nxc3 22.Qxc3 Rxa1 23.Rxa1 cxb5
24.e3 b6 25.Bf1 bxc5 26.dxc5 Bd7 27.Rb1 Qc7 28.c6 Qxc6 29.Qxc6 Bxc6 30.Nd4 Bd7
31.Nxb5 Rb8 32.f4 Kg7 33.Bd3 Bxb5 34.Rxb5 Ra8 35.Rb7+ Kf6 36.Kf2 Ra3 37.Bb5 Bc5
38.Be8 e5 39.fxe5+ Kxe5 40.Rxh7 Bxe3+ 41.Ke2 g5 42.Re7+ Kd4 43.h4 Ra2+ 44.Kf1 gxh4
45.gxh4 Rf2+ 46.Ke1 Rh2 47.Bf7 f4 48.Rd7 f3 49.Bxd5 Rh1+  0-1